000
00278nam a2200109Ia 4500
008
220204s9999 xx 000 0 und d
082
_a
803
_b
KAN
100
_a
Kant, S
245
0
_a
Kant's German in one month
260
_a
Julunder
_b
School of Foreign language
_c
1978
942
_c
BK
999
_c
28140
_d
28140